| 000 | 00962nam a22002657a 4500 | ||
|---|---|---|---|
| 999 |
_c22629 _d22629 |
||
| 003 | AR-CdUCM | ||
| 008 | 190427b ||||| |||| 00| 0 spa d | ||
| 020 | _a9786124392467 | ||
| 040 |
_aMUNICIPALIDAD PROVINCIAL DEL CUSCO _cBIBLIOTECA MUNICIPAL DEL CUSCO |
||
| 082 |
_a985.019/P59 _bP59 |
||
| 100 |
_aPino Zambrano, Vidal _932437 |
||
| 245 |
_aLos incas : población y producción : _bentre la fantasía y la realidad / _cVidal Pino Zambrano |
||
| 260 |
_aLima : _bUniversidad Andina del Cusco, _c2021. |
||
| 300 |
_a311 paginas. : _bilustraciones en color, diagramas, mapas ; _c24 cm. |
||
| 500 | _zBibliografía: páginas 307-309. | ||
| 650 |
_aIncas _9303 |
||
| 650 |
_aInkas _91899 |
||
| 650 |
_aCondiciones económicas _948696 |
||
| 650 |
_aCondiciones sociales _948697 |
||
| 650 |
_aHistoria _948698 |
||
| 650 |
_aÉpoca Prehispánica _92714 |
||
| 710 |
_aUniversidad Andina del Cusco _tentidad editora _948699 |
||
| 942 |
_2ddc _cLIBROS |
||
| 945 | _arac | ||